Mapping the political landscape: (Record no. 21685)

MARC details
000 -LEADER
fixed length control field 00468nam a2200181 4500
003 - CONTROL NUMBER IDENTIFIER
control field mut
005 - DATE AND TIME OF LATEST TRANSACTION
control field 20240606081543.0
008 - FIXED-LENGTH DATA ELEMENTS--GENERAL INFORMATION
fixed length control field 220324b
020 ## - INTERNATIONAL STANDARD BOOK NUMBER
International Standard Book Number 0176224475
040 ## - CATALOGING SOURCE
Transcribing agency MUT
050 ## - LIBRARY OF CONGRESS CALL NUMBER
Classification number JA66
Item number .M35 2004
100 ## - MAIN ENTRY--PERSONAL NAME
Personal name Tremblay, Reeta Chowdhari
245 ## - TITLE STATEMENT
Title Mapping the political landscape:
Remainder of title an introduction to political science
260 ## - PUBLICATION, DISTRIBUTION, ETC.
Place of publication, distribution, etc. Toronto,
Name of publisher, distributor, etc. Thomson/ Nelson,
Date of publication, distribution, etc. c2004
650 ## - SUBJECT ADDED ENTRY--TOPICAL TERM
Topical term or geographic name entry element Political science
700 ## - ADDED ENTRY--PERSONAL NAME
Personal name Lecours, Andre
942 ## - ADDED ENTRY ELEMENTS (KOHA)
Source of classification or shelving scheme Library of Congress Classification
Koha item type Books
Holdings
Withdrawn status Lost status Source of classification or shelving scheme Damaged status Not for loan Home library Current library Shelving location Date acquired Source of acquisition Total checkouts Full call number Barcode Date last seen Price effective from Koha item type
    Library of Congress Classification     Murang'a University of Technology Library Murang'a University of Technology Library General stacks 24/03/2022 Donation-TFC   JA66 .M35 2004 030182 24/03/2022 24/03/2022 Books